Land value and public transport (Record no. 104316)
[ view plain ]
| 000 -LEADER | |
|---|---|
| fixed length control field | 01531cam a2200217 4500 |
| 001 - CONTROL NUMBER | |
| control field | L129967 |
| 008 - FIXED-LENGTH DATA ELEMENTS--GENERAL INFORMATION | |
| fixed length control field | 021105n2004 000 0 eng u |
| 035 ## - SYSTEM CONTROL NUMBER | |
| System control number | (Sirsi) u129967 |
| 041 ## - LANGUAGE CODE | |
| Language code of text/sound track or separate title | eng |
| 050 ## - LIBRARY OF CONGRESS CALL NUMBER | |
| Classification number | 333.33 |
| -- | 18 |
| 110 ## - MAIN ENTRY--CORPORATE NAME | |
| Corporate name or jurisdiction name as entry element | Royal Institution of Chartered Surveyors |
| 9 (RLIN) | 4900 |
| 245 ## - TITLE STATEMENT | |
| Title | Land value and public transport |
| Remainder of title | stage two: summary of findings |
| Medium | [electronic resource] |
| 260 ## - PUBLICATION, DISTRIBUTION, ETC. | |
| Place of publication, distribution, etc. | London |
| Name of publisher, distributor, etc. | RICS |
| Date of publication, distribution, etc. | 2004 |
| 300 ## - PHYSICAL DESCRIPTION | |
| Extent | 7p. |
| Dimensions | 30cm. |
| 520 ## - SUMMARY, ETC. | |
| Summary, etc. | Summarises the key facets of stage two of the "Land value and transport" research project initially commissioned by RICS, ODPM and DfT in spring 2002. The main aims of the research were to identify and analyse how occupier demand - commercial and residential - as expressed through property values varies according to transport provision. The purpose of stage two was to examine by means of a pilot scheme the effectiveness and practicality of the stage one methodology and make recommendations for its further development. Describes the stage one literature review, piloting the methodology, the contextual and qualitative analysis, quantitative analysis and the preferred methodology. Provides contacts for further information. |
| 690 ## - LOCAL SUBJECT ADDED ENTRY--TOPICAL TERM (OCLC, RLIN) | |
| Topical term or geographic name as entry element | PROPERTY-INFRASTRUCTURE-INFRASTRUCTURE VALUATION AND APPRAISAL |
| 710 ## - ADDED ENTRY--CORPORATE NAME | |
| Corporate name or jurisdiction name as entry element | Office of the Deputy Prime Minister |
| 9 (RLIN) | 4685 |
| 710 ## - ADDED ENTRY--CORPORATE NAME | |
| Corporate name or jurisdiction name as entry element | Department for Transport |
| 9 (RLIN) | 4683 |
| 856 ## - ELECTRONIC LOCATION AND ACCESS | |
| Uniform Resource Identifier | <a href="https://www.rics.org/Global/Downloads/LandValuePublicTransport2004Summary.pdf">https://www.rics.org/Global/Downloads/LandValuePublicTransport2004Summary.pdf</a> |
| Public note | View the summary free of charge at www.rics.org... |
| 942 ## - ADDED ENTRY ELEMENTS (KOHA) | |
| Suppress in OPAC | 0 |
| Withdrawn status | Lost status | Source of classification or shelving scheme | Damaged status | Not for loan | Home library | Current library | Shelving location | Date acquired | Total Checkouts | Full call number | Barcode | Date last seen | Copy number | Price effective from | Koha item type |
|---|---|---|---|---|---|---|---|---|---|---|---|---|---|---|---|
| Dewey Decimal Classification | London | London | RICS Boxes | 10/06/2005 | RICS 2004/38 | 30070551 | 06/08/2019 | 1 | 06/08/2019 | Archive | |||||
| Dewey Decimal Classification | London | London | RICS Boxes | 10/06/2005 | RICS 2004/38 | 30070555 | 06/08/2019 | 2 | 06/08/2019 | Reference material | |||||
| Dewey Decimal Classification | London | London | Books | 10/06/2005 | RICS 2004/38 | 30070563 | 06/08/2019 | 4 | 06/08/2019 | Book |